| 000 | 00797cam a22002531 4500 | ||
|---|---|---|---|
| 001 | 30309 | ||
| 003 | BD-RjUL | ||
| 005 | 20211209051538.0 | ||
| 008 | 140409r19711965ii a b 001 0 eng d | ||
| 035 | _a(BD-RjUL)30394 | ||
| 040 |
_aDLC _cDLC _dDLC _dBD-RjUL _beng |
||
| 041 | _aeng | ||
| 082 | 0 | 0 |
_a151.2 _bFRT 1971 |
| 100 | 1 |
_aFreeman, Frank S. _q(Frank Samuel), _d1898- _917274 |
|
| 245 | 0 | 0 |
_aTheory and practice of psychological testing / _c Frank S. Freeman |
| 250 | _a3d ed. Indian | ||
| 260 |
_aNew Delhi : _bOxford University Press, _c1965 [Reprinted 1971] |
||
| 300 |
_a697 p. : _billus. ; _c24 cm. |
||
| 504 | _aIncludes bibliography. and Index | ||
| 650 | 0 |
_aEducational tests and measurements. _992140 |
|
| 942 |
_2ddc _cBK _02 |
||
| 999 |
_c30309 _d30309 |
||